000 00542nam a2200181Ia 4500
008 151018s9999 xx 000 0 und d
082 _bRBASDV43199
_a891.463
100 _aइरेश स्वामी
245 _aविठोबा
250 _b1
260 _bसुविद्या प्रकाशन पुणे
_c2004
300 _a100
600 _aइरेश स्वामी
630 _aविठोबा
700 _aइरेश स्वामी
730 _aविठोबा
942 _cBOOK
999 _c1042414
_d1042411